Top 15 Piłkarzy świata (obecnie) - Statystyki

Ogólne statystyki
  • Ten quiz został rozwiązany 503 razy
  • Średni wynik to 8 z 15
Statystyki odpowiedzi
Hint Odpowiedź % Poprawnych
2 Lewandowski
91%
4 Ronaldo
90%
5 Mbappe
85%
1 Benzema
71%
12 Haaland
65%
3 Salah
60%
7 De bruyne
52%
8 Mane
50%
11 Vinicius
44%
13 Modrić
39%
9 Kane
36%
10 Kante
28%
15 Courtois
24%
6 Son
22%
14 Alisson
16%
Nie znaleziono quizów pasujących do podanych kryteriów
Rozkład punktacji
Procent ludzi z każdym wynikiem
Percentyl według liczby udzielonych odpowiedzi
Twoja historia wyników
Nie rozwiązałeś tego quizu